000
00283nam a2200109Ia 4500
001
1259616
005
20260417140315.0
008
260417s9999 xx 000 0 und d
020
_a
9786253691585
245
0
_a
Genç Yönetmenin El Kitabı
_c
Turgut Yasalar
260
_b
Everest Çocuk
999
_c
1259616
_d
1259616